От фондирования к оптовой торговле

Dades bibliogràfiques
Altres autors: Нит И. В. (редактор)
Sumari:Исключено из фонда НТБ ТПУ
Idioma:rus
Publicat: Москва, Экономика, 1990
Format: MixedMaterials Llibre
KOHA link:https://koha.lib.tpu.ru/cgi-bin/koha/opac-detail.pl?biblionumber=206110

MARC

LEADER 00000nam0a2200000 4500
001 206110
005 20231031190608.0
010 |a 5282005360 
035 |a (RuTPU)RU\TPU\book\224663 
090 |a 206110 
100 |a 20111224d1990 m y0rusy50 ca 
101 0 |a rus 
102 |a RU 
105 |a y z 000zy 
200 1 |a От фондирования к оптовой торговле  |f под ред. И. В. Нита 
210 |a Москва  |c Экономика  |d 1990 
215 |a 202 с. 
333 |a Исключено из фонда НТБ ТПУ 
702 1 |a Нит  |b И. В.  |4 340 
801 1 |a RU  |b 63413507  |c 20111224 
801 2 |a RU  |b 63413507  |c 20170131  |g RCR 
942 |c BK